Sports Quiz

Random Sports or Tennis Quiz

Grand Slam Tennis Champions (A-Z) Quiz Stats

 Plays Quiz Updated Jul 10, 2013

Challenge
Share
Tweet
Score 0/21 Timer 05:00
0 Plays Today
A-Z Grand Slam Champions (since 1968) % Correct
NR.Nadal, M.Navratilova, I.Nastase, J.Newcombe, Y.Noah, J.Novotna
95.1%
WV.Wade, S.Wawrinka, M.Wilander, S.Williams, V.Williams
94.9%
AA.Agassi, A.Ashe, T.Austin, V.Azarenka
94.8%
SG.Sabatini, M.Safin, A.Sanchez Vicario, P.Sampras, F.Schiavone, M.Seles, M.Sharapova, S.Smith, M.Stich, S.Stosur
94.5%
FR.Federer, J.C.Ferrero
91.7%
BS.Barker, B.Becker, S.Bruguera, B.Borg, M.Bartoli
89.3%
CJ.Capriati, E.Cawley*, P.Cash, M.Chang, M.Cilic, K.Clijsters, J.Connors, A.Costa, J.Courier, M.Court
87.9%
MI.Majoli, H.Mandlikova, C.Martinez, A.Mauresmo, J.McEnroe, K.Melville Reid, C.Moya, G.Muguruza, A.Murray, T.Muster, A.Myskina
87.7%
DL.Davenport, J.M.del Potro, N.Djokovic
84.5%
HA.Haydon Jones, J.Henin, L.Hewitt, M.Hingis
79.9%
LR.Laver, I.Lendl, Li N.
75.9%
A-Z Grand Slam Champions (since 1968) % Correct
GG.Gaudio, V.Gerulaitis, A.Gimeno, A.Gomez, E.Goolagong*, S.Graf
75.4%
KY.Kafelnikov, A.Kerber, B.J.King, J.Kodes, P.Korda, R.Krajicek, J.Kriek, G.Kuerten, S.Kuznetsova, P.Kvitova
74.9%
ES.Edberg, M.Edmondson, C.Evert
71.4%
RP.Rafter, N.Richey, A.Roddick, K.Rosewall, V.Ruzici
65.2%
IG.Ivanisevic, A.Ivanovic
54.2%
VG.Vilas
27%
PA.Panatta, F.Pennetta, M.Pierce,
21.7%
JM.Jausovec, B.Jordan, T.Johansson
17%
OC.O'Neil, M.Orantes
16.8%
TR.Tanner, B.Teacher
12.4%

You're not logged in!

Compare scores with friends on all Sporcle quizzes.
OR
Log In

You Might Also Like...

Show Comments

Extras

Top Quizzes Today


Score Distribution

Your Account Isn't Verified!

In order to create a playlist on Sporcle, you need to verify the email address you used during registration. Go to your Sporcle Settings to finish the process.

Report this User

Report this user for behavior that violates our Community Guidelines.

Details: